Fr. Conceicao Rodrigues College of Engineering

Money (Record no. 30531)

MARC details
000 -LEADER
fixed length control field 00297nam a2200145Ia 4500
082 ## - DEWEY DECIMAL CLASSIFICATION NUMBER
Classification number 650.1
100 ## - MAIN ENTRY--PERSONAL NAME
Personal name Ackerman & Ackerman
245 ## - TITLE STATEMENT
Title Money
260 ## - PUBLICATION, DISTRIBUTION, ETC.
Name of publisher, distributor, etc. A Playboy Press Book
Place of publication, distribution, etc. Chicago
Date of publication, distribution, etc. 1976
300 ## - PHYSICAL DESCRIPTION
Extent 207
546 ## - LANGUAGE NOTE
Language note ENGLISH
650 ## - SUBJECT ADDED ENTRY--TOPICAL TERM
Topical term or geographic name entry element General
654 ## - SUBJECT ADDED ENTRY--FACETED TOPICAL TERMS
Focus term Money
942 ## - ADDED ENTRY ELEMENTS (KOHA)
Koha item type BOOK
Holdings
Withdrawn status Lost status Damaged status Not for loan Collection Home library Current library Shelving location Date acquired Total Checkouts Full call number Barcode Date last seen Price effective from Koha item type
        AFT Fr. Agnel's C.Rodrigues College of Engineering Fr. Agnel's C.Rodrigues College of Engineering   17/03/2023   650.1 AFT6820 17/03/2023 17/03/2023 BOOK